LEADER 02425nam0 22005293i 450 001 VAN00162087 005 20250217043829.10 017 70$2N$a9783319240107 100 $a20210615d2016 |0itac50 ba 101 $aeng 102 $aCH 105 $a|||| ||||| 200 1 $aConductors, Semiconductors, Superconductors$ean Introduction to Solid State Physics$fRudolf P. Huebener 205 $a2. ed 210 $aCham$cSpringer$d2016 215 $axv, 237 p.$cill.$d24 cm 410 1$1001VAN00117860$12001 $aUndergraduate lecture notes in physics$1210 $aBerlin [etc.]$cSpringer 500 1$3VAN00134290$aLeiter, Halbleiter, Supraleiter : Eine Einführung in die Festkörperphysik$91805114 606 $a00A79 (77-XX)$xPhysics [MSC 2020]$3VANC023182$2MF 606 $a82-XX$xStatistical mechanics, structure of matter [MSC 2020]$3VANC021931$2MF 606 $a82D35$xStatistical mechanical studies of metals [MSC 2020]$3VANC034060$2MF 606 $a82D37$xStatistical mechanical studies of semiconductors [MSC 2020]$3VANC023098$2MF 610 $aBallistic Phonons$9KW:K 610 $aFermi Surface$9KW:K 610 $aJosephson Effect$9KW:K 610 $aLandau Theory$9KW:K 610 $aQuantum Dots$9KW:K 610 $aQuantum Hall Effect$9KW:K 610 $aQuantum Statistics$9KW:K 610 $aSemiconductors$9KW:K 610 $aSemiconductors Introduction$9KW:K 610 $aSuperconductors$9KW:K 610 $aTopological Insulators$9KW:K 620 $aCH$dCham$3VANL001889 700 1$aHuebener$bRudolf P.$3VANV107305$0792260 712 $aSpringer $3VANV108073$4650 790 1$aHuebener, Rudolf Peter$zHuebener, Rudolf P.$3VANV235041 790 1$aHuebener, R. P.$zHuebener, Rudolf P.$3VANV235042 790 1$aHuebener, R.P.$zHuebener, Rudolf P.$3VANV235043 801 $aIT$bSOL$c20250221$gRICA 856 4 $uhttp://doi.org/10.1007/978-3-319-24010-7$zE-book ? Accesso al full-text attraverso riconoscimento IP di Ateneo, proxy e/o Shibboleth 899 $aBIBLIOTECA DEL DIPARTIMENTO DI MATEMATICA E FISICA$1IT-CE0120$2VAN08 912 $fN 912 $aVAN00162087 950 $aBIBLIOTECA DEL DIPARTIMENTO DI MATEMATICA E FISICA$d08DLOAD e-book 2678 $e08eMF2678 20210615 996 $aLeiter, Halbleiter, Supraleiter : Eine Einführung in die Festkörperphysik$91805114 997 $aUNICAMPANIA LEADER 02409nam0 22005413i 450 001 VAN00256841 005 20250127040546.448 017 70$2N$a9783642662430 100 $a20230411d1976 |0itac50 ba 101 $aeng 102 $aDE 105 $a|||| ||||| 200 1 $aElements of the Theory of Representations$fA. A. Kirillov$gTranslated from the Russian by Edwin Hewitt 210 $aBerlin$cSpringer$d1976 215 $axi, 315 p.$d24 cm 410 1$1001VAN00024107$12001 $aGrundlehren der mathematischen Wissenschaften$eA series of comprehensive texts in mathematics$1210 $aBerlin [etc.]$cSpringer$d1921-$v220 500 1$3VAN00256843$aElementy teorii predstavlenii$93082865 606 $a20Cxx$xRepresentation theory of groups [MSC 2020]$3VANC019743$2MF 606 $a22-XX$xTopological groups, Lie groups [MSC 2020]$3VANC020459$2MF 606 $a22A25$xRepresentations of general topological groups and semigroups [MSC 2020]$3VANC024321$2MF 606 $a22Dxx$xLocally compact groups and their algebras [MSC 2020]$3VANC025680$2MF 606 $a22Exx$xLie groups [MSC 2020]$3VANC020588$2MF 606 $a43-XX$xAbstract harmonic analysis [MSC 2020]$3VANC021258$2MF 610 $aAlgebra$9KW:K 610 $aCohomology$9KW:K 610 $aCommutative groups$9KW:K 610 $aFinite Groups$9KW:K 610 $aGroup representations$9KW:K 610 $aLie Algebras$9KW:K 610 $aLie groups$9KW:K 610 $aLocally compact groups$9KW:K 610 $aManifolds$9KW:K 610 $aMatrix$9KW:K 610 $aOperator algebras$9KW:K 610 $aRings$9KW:K 610 $aTransformation groups$9KW:K 620 $dBerlin$3VANL000066 700 1$aKirillov$bAleksander A.$3VANV044020$0725909 702 1$aHewitt$bEdwin$3VANV024771$4730 712 $aSpringer $3VANV108073$4650 801 $aIT$bSOL$c20250926$gRICA 856 4 $uhttps://doi.org/10.1007/978-3-642-66243-0$zE-book ? Accesso al full-text attraverso riconoscimento IP di Ateneo, proxy e/o Shibboleth 899 $aBIBLIOTECA DEL DIPARTIMENTO DI MATEMATICA E FISICA$1IT-CE0120$2VAN08 912 $fN 912 $aVAN00256841 950 $aBIBLIOTECA DEL DIPARTIMENTO DI MATEMATICA E FISICA$d08DLOAD e-book 5944 $e08eMF5944 20230627 996 $aElementy teorii predstavlenii$93082865 997 $aUNICAMPANIA